|
|
|
|
| LEADER |
00954nam a2200313 a 4500 |
| 001 |
000314229 |
| 003 |
CZ BrMZK |
| 005 |
20210216065438.0 |
| 007 |
ta |
| 008 |
980115s1998 xr g f cze d |
| 015 |
|
|
|a cnb000353708
|
| 020 |
|
|
|a 80-7170-905-0
|
| 035 |
|
|
|a (OCoLC)40089713
|
| 040 |
|
|
|a BOA001
|b cze
|
| 072 |
|
7 |
|a 821.111(73)-3
|x Americká próza
|2 Konspekt
|9 25
|
| 080 |
|
|
|a 821.111(73)-31
|2 MRF
|
| 080 |
|
|
|a (0:82-312.5)
|2 MRF
|
| 100 |
1 |
|
|a Thompson, Vicki Lewis
|7 jn20001103710
|4 aut
|
| 245 |
1 |
0 |
|a Spiknutí matek /
|c Vicki Lewis Thompsonová ; [překlad: Jan Malík].
|
| 260 |
|
|
|a Praha :
|b Harlequin,
|c c1998
|
| 300 |
|
|
|a 183 s. ;
|c 18 cm
|
| 490 |
1 |
|
|a Láska & smích ;
|v 3 (X 3/98)
|
| 655 |
|
7 |
|a americké romány
|7 fd131796
|2 czenas
|
| 655 |
|
7 |
|a milostné romány
|7 fd132840
|2 czenas
|
| 700 |
1 |
|
|a Malík, Jan
|7 jx20040226018
|4 trl
|
| 765 |
0 |
|
|t One moom too many
|
| 830 |
|
0 |
|a Láska & smích
|
| 910 |
|
|
|a BOA001
|b 1-1046.137
|
| 990 |
|
|
|a BK
|